000 00867nam a2200253Ia 4500
005 20220317001850.0
008 170410s2004 c g 000 0 s
020 _a9789589220153
041 _aspa
082 0 4 _a519.72
_bM67p
100 1 _aMora Escobar, Héctor Manuel
245 1 0 _aProgramación lineal
_cHéctor Manuel Mora Escobar ; editor Facultad de Ciencias, Universidad Nacional de Colombia
250 _a2a. impresión
300 _a282 páginas
_c24 cm
500 _aIncluye bibliografía e íncdice alfabético
650 1 4 _2LEMB
_aInvestigación operacional
650 1 4 _2LEMB
_aProgramación lineal
942 _2ddc
_cBK
264 _aBogotá
_bUniversidad Nacional de Colombia
_c2004
336 _atexto
_btxt
_2rdacontent
337 _asin mediación
_bn
_2rdamedia
338 _avolumen
_bnc
_2rdacarrier
040 _aCO-BoRNBP
_bspa
_erda
_cCO-BoRNBP
999 _c8355
_d8355